[Event "Strasbourg op"]
[Site "Strasbourg"]
[Date "1991.??.??"]
[Round "1"]
[White "Gumb, Bernard"]
[Black "Roos, Daniel"]
[Result "0-1"]
[WhiteElo "1640"]
[BlackElo "2380"]
[PlyCount "54"]
[EventDate "1991.??.??"]
[EventType "swiss"]
[EventRounds "9"]
[EventCountry "FRA"]
[SourceTitle "EXT 1997"]
[Source "ChessBase"]
[SourceDate "1996.11.15"]
[SourceVersion "1"]
[SourceVersionDate "1996.11.15"]
[SourceQuality "1"]

1. e4 c6 2. d4 d5 3. e5 Bf5 4. Bd3 Bxd3 5. Qxd3 e6 6. Nf3 Qa5+ 7. Bd2 Qa6 8. b4 Ne7 9. Qxa6 Nxa6 10. 0-0 f6 11. Re1 Kf7 12. Na3 Ng6 13. c3 Nb8 14. Re2 Nd7 15. c4 a5 16. exf6 gxf6 17. c5 axb4 18. Bxb4 b6 19. Rae1 bxc5 20. dxc5 Nf4 21. Rd2 Nxc5 22. Rb1 Ne4 23. Bxf8 Nxd2 24. Nxd2 Rhxf8 25. Rb7+ Kg6 26. Rb3 Rfb8 27. Rg3+ Kf7 0-1